|
|
|
|
| LEADER |
00941nam a2200229 a 4500 |
| 001 |
17373901 |
| 008 |
120712s2009 njua 001 0 eng d |
| 010 |
|
|
|a 2012376696
|
| 020 |
|
|
|a 9780470745762 (pbk.)
|
| 020 |
|
|
|a 0470745762 (pbk.)
|
| 040 |
|
|
|a UKM
|c UKM
|d YDXCP
|d OCLCQ
|d DLC
|d BD-DhAAL
|
| 082 |
0 |
4 |
|a 428.24071
|2 22
|
| 100 |
1 |
|
|a Maxom, Michelle.
|
| 245 |
1 |
0 |
|a Teaching English as a foreign language for dummies /
|c by Michelle Maxom.
|
| 260 |
|
|
|a Hoboken, N.J. :
|b For Dummies ;
|a Chichester :
|b John Wiley [distributor],
|c 2009.
|
| 300 |
|
|
|a xx, 379 p. :
|b ill.
|c 24 cm.
|
| 500 |
|
|
|a Includes index.
|
| 541 |
|
|
|a 00025573
|
| 650 |
|
0 |
|a English language
|x Study and teaching
|x Foreign speakers.
|
| 852 |
1 |
|
|a Ayesha Abed Library
|j General shelf
|
| 999 |
|
|
|c 12560
|d 12560
|
| 952 |
|
|
|0 0
|1 0
|4 0
|6 428_240710000000000_MAX
|7 0
|9 20726
|a BRACUL
|b BRACUL
|c GEN
|d 2012-07-12
|e Amazon.com
|g 19.34
|l 9
|m 43
|o 428.24071 MAX
|p 3010025573
|r 2021-01-03
|s 2020-02-06
|t 1
|w 2012-07-16
|y BK
|